The Ordovician rocks of Lake Timiskaming, (Record no. 25571)

MARC details
000 -LEADER
fixed length control field 00925cam a22002651 4500
001 - CONTROL NUMBER
control field gs 15000719
003 - CONTROL NUMBER IDENTIFIER
control field DLC
005 - DATE AND TIME OF LATEST TRANSACTION
control field 20260227111318.0
008 - FIXED-LENGTH DATA ELEMENTS--GENERAL INFORMATION
fixed length control field 790620s1915 onca f000 0 eng
010 ## - LIBRARY OF CONGRESS CONTROL NUMBER
LC control number gs 15000719
035 ## - SYSTEM CONTROL NUMBER
System control number (OCoLC)5085678
040 ## - CATALOGING SOURCE
Original cataloging agency DLC
Transcribing agency TxCM
Modifying agency DLC
042 ## - AUTHENTICATION CODE
Authentication code premarc
050 00 - LIBRARY OF CONGRESS CALL NUMBER
Classification number QE662
Item number .W55
100 1# - MAIN ENTRY--PERSONAL NAME
Personal name Williams, Merton Yarwood,
Dates associated with a name 1883-
245 14 - TITLE STATEMENT
Title The Ordovician rocks of Lake Timiskaming,
Statement of responsibility, etc. by M. Y. Williams.
260 ## - PUBLICATION, DISTRIBUTION, ETC.
Place of publication, distribution, etc. Ottawa,
Name of publisher, distributor, etc. Government printing bureau,
Date of publication, distribution, etc. 1915.
300 ## - PHYSICAL DESCRIPTION
Extent 9 p.
Other physical details illus.
490 1# - SERIES STATEMENT
Series statement Canada. Geological Survey. Museum bulletin
Volume/sequential designation no. 17. Geological series, no. 27
500 ## - GENERAL NOTE
General note Cover-title.
500 ## - GENERAL NOTE
General note At head of title: Canada. Department of mines.
650 #0 - SUBJECT ADDED ENTRY--TOPICAL TERM
Topical term or geographic name entry element Petrology
Geographic subdivision Québec (Province)
-- Lake Timiskaming.
810 2# - SERIES ADDED ENTRY--CORPORATE NAME
Corporate name or jurisdiction name as entry element National Museum of Canada.
Title of a work Bulletin ;
Volume/sequential designation no. 17.
810 2# - SERIES ADDED ENTRY--CORPORATE NAME
Corporate name or jurisdiction name as entry element National Museum of Canada.
Title of a work Geological series ;
Volume/sequential designation no. 27.

No items available.

Powered by Koha